000 00828nac a22001931u 4500
010 _a 2001271361
020 _a0072375671
020 _a0072820098
082 _a658.4
_bT3711
090 _c2281
_d2281
100 _aThompson, Arthur A.
245 1 4 _aThe business strategy game :
_ba global industry simulation : player's manual /
_cArthur A. Thompson, Jr., Gregory J. Stappenbeck.
250 _a7th ed.
260 _aBoston :
_bMcGraw-Hill/Irwin,2002
_c2002.
300 _a126 p. :
_c28 cm. +
_bIll. ;
_e1CD-ROM (4 3/4in.)
942 _cBB
_k658.4T3711
999 _c2281
_d2281